NLSUI OPAC header image

Commentaries on excise act and rules (Record no. 3444)

MARC details
000 -LEADER
fixed length control field 00385nam a2200157Ia 4500
008 - FIXED-LENGTH DATA ELEMENTS--GENERAL INFORMATION
fixed length control field 160316s1965 xxu||||| |||| 00| 0 eng d
082 ## - DEWEY DECIMAL CLASSIFICATION NUMBER
Classification number 343.055300
Item number SET
100 ## - MAIN ENTRY--PERSONAL NAME
Personal name Sethi R B
245 ## - TITLE STATEMENT
Title Commentaries on excise act and rules
250 ## - EDITION STATEMENT
Edition statement
260 ## - PUBLICATION, DISTRIBUTION, ETC.
Place of publication, distribution, etc. Allahabad
Name of publisher, distributor, etc. Law publishers
Date of publication, distribution, etc. 1965
300 ## - PHYSICAL DESCRIPTION
Extent 551
Other physical details
Dimensions xxii
365 ## - TRADE PRICE
Price amount
650 ## - SUBJECT ADDED ENTRY--TOPICAL TERM
Topical term or geographic name entry element 1. Tax laws - Excise
700 ## - ADDED ENTRY--PERSONAL NAME
Personal name
--
Holdings
Withdrawn status Lost status Damaged status Not for loan Home library Current library Shelving location Date acquired Total Checkouts Full call number Barcode Date last seen Price effective from Koha item type
        . . Library Compactors 30.05.2017   343.0553 SET 3608 30.05.2017 30.05.2017 BOOKs